LIBERALISM'S LAST MAN: HAYEK IN THE AGE OF POLITICAL CAPITALISM (Record no. 8460)

MARC details
000 -LEADER
fixed length control field 00370nam a2200133Ia 4500
008 - FIXED-LENGTH DATA ELEMENTS--GENERAL INFORMATION
fixed length control field 260604s9999 xx 000 0 und d
020 ## - INTERNATIONAL STANDARD BOOK NUMBER
International Standard Book Number 9780226821474
082 ## - DEWEY DECIMAL CLASSIFICATION NUMBER
Classification number 320.51 YAD
100 ## - MAIN ENTRY--PERSONAL NAME
Personal name YADAV [VIKASH]
9 (RLIN) 35636
245 #0 - TITLE STATEMENT
Title LIBERALISM'S LAST MAN: HAYEK IN THE AGE OF POLITICAL CAPITALISM
260 ## - PUBLICATION, DISTRIBUTION, ETC.
Name of publisher, distributor, etc. UNIVERSITY OF CHICAGO PRESS
500 ## - GENERAL NOTE
General note Political
942 ## - ADDED ENTRY ELEMENTS (KOHA)
Koha item type Book
Holdings
Date last seen Total Checkouts Full call number Barcode Cost, replacement price Price effective from Koha item type Lost status Damaged status Not for loan Withdrawn status Home library Current library Shelving location Date acquired Cost, normal purchase price BOOK NO
06/04/2026   320.51 YAD 004078 3121.65 06/04/2026 Book         Indian Institute of Management Visakhapatnam Indian Institute of Management Visakhapatnam   06/04/2026 3121.65 YAD

Copyright © 2024 Indian Institute of Management Visakhapatnam
Koha v23.05